Executive communication / (Record no. 645)

MARC details
000 -LEADER
fixed length control field 00412nam a22001577a 4500
005 - DATE AND TIME OF LATEST TRANSACTION
control field 20230124051813.0
008 - FIXED-LENGTH DATA ELEMENTS--GENERAL INFORMATION
fixed length control field 230124b |||||||| |||| 00| 0 eng d
020 ## - INTERNATIONAL STANDARD BOOK NUMBER
International Standard Book Number 978-93-82669-05-0
082 ## - DEWEY DECIMAL CLASSIFICATION NUMBER
Classification number 302.2 Ex96 2013
245 ## - TITLE STATEMENT
Title Executive communication /
260 ## - PUBLICATION, DISTRIBUTION, ETC.
Place of publication, distribution, etc. UAE:
Name of publisher, distributor, etc. 3G Elearning,
Date of publication, distribution, etc. c2013.
300 ## - PHYSICAL DESCRIPTION
Extent xii, 221p.;
Other physical details ill.
541 ## - IMMEDIATE SOURCE OF ACQUISITION NOTE
Accession number 4447
650 ## - SUBJECT ADDED ENTRY--TOPICAL TERM
Topical term or geographic name entry element Communication
650 ## - SUBJECT ADDED ENTRY--TOPICAL TERM
Topical term or geographic name entry element Business communication
Holdings
Withdrawn status Lost status Source of classification or shelving scheme Damaged status Not for loan Home library Current library Date acquired Total Checkouts Full call number Barcode Date last seen Copy number Price effective from Koha item type
    Dewey Decimal Classification     ctu-moalboal ctu-moalboal 05/06/2016   302.2 Ex96 2013 4447 01/24/2023 1 01/24/2023 Books-Reference